[Event "Liberec Region-chT 2223"]
[Site "Czech Republic"]
[Date "2022.11.13"]
[Round "3.4"]
[White "Slechta, Jan"]
[Black "Boleslav, Petr"]
[Result "0-1"]
[WhiteElo "1812"]
[BlackElo "1946"]
[PlyCount "66"]
[EventDate "2022.10.09"]
[EventType "team-tourn"]
[EventRounds "11"]
[EventCountry "CZE"]
[SourceTitle "EXT 2024"]
[Source "ChessBase"]
[SourceDate "2023.10.10"]
[SourceVersion "1"]
[SourceVersionDate "2023.10.10"]
[SourceQuality "1"]

1. d4 Nf6 2. g3 g6 3. Bg2 Bg7 4. c4 d6 5. Nc3 0-0 6. e4 Nc6 7. Nge2 e5 8. d5 Nd4 9. Nxd4 exd4 10. Ne2 Re8 11. Qd3 Nd7 12. 0-0 Nc5 13. Qb1 a5 14. Nf4 a4 15. Re1 b6 16. Nd3 Ba6 17. Qc2 Qd7 18. Rb1 b5 19. Nxc5 dxc5 20. cxb5 Qxb5 21. Bf1 c4 22. b3 d3 23. Qxc4 Qa5 24. b4 Bxc4 25. bxa5 Bxa2 26. Rb7 Bxd5 27. Rxc7 Bxe4 28. Bd2 a3 29. Bc3 a2 30. Bxg7 Kxg7 31. Ra1 d2 32. Rd7 Red8 33. Bb5 Bb1 0-1

[Event "Liberec op 19th"]
[Site "Liberec"]
[Date "2019.03.01"]
[Round "8"]
[White "Sakthivel, Heamish Kanha"]
[Black "Slechta, Jan"]
[Result "1-0"]
[WhiteElo "1423"]
[BlackElo "1744"]
[PlyCount "67"]
[EventDate "2019.02.23"]
[EventType "swiss"]
[EventRounds "9"]
[EventCountry "CZE"]
[SourceTitle "CBM 189 Extra"]
[Source "ChessBase"]
[SourceDate "2019.06.03"]
[SourceVersion "1"]
[SourceVersionDate "2019.06.03"]
[SourceQuality "1"]

1. e4 d5 2. exd5 Qxd5 3. Nc3 Qd6 4. d4 c6 5. Nf3 Nf6 6. Ne5 Bf5 7. Bf4 Qd8 8. Bc4 e6 9. 0-0 Be7 10. Re1 Nbd7 11. Bd3 Bg6 12. Nc4 Nb6 13. Nxb6 Qxb6 14. Ne4 Nxe4 15. Bxe4 Rd8 16. Bxg6 hxg6 17. Be3 Rd5 18. c4 Rdh5 19. h3 Qc7 20. Rc1 Qa5 21. a3 Qf5 22. g4 Qe4 23. gxh5 Rxh5 24. Qg4 Qd3 25. Rc3 Qf5 26. Qxf5 gxf5 27. Kg2 g5 28. f4 f6 29. Bd2 Kf7 30. Rce3 e5 31. dxe5 gxf4 32. e6+ Ke8 33. Rf3 Rg5+ 34. Kh2 1-0

[Event "Liberec op 19th"]
[Site "Liberec"]
[Date "2019.02.23"]
[Round "1"]
[White "Dowgird, Filip"]
[Black "Slechta, Jan"]
[Result "1-0"]
[WhiteElo "2270"]
[BlackElo "1744"]
[PlyCount "75"]
[EventDate "2019.02.23"]
[EventType "swiss"]
[EventRounds "9"]
[EventCountry "CZE"]
[SourceTitle "CBM 189 Extra"]
[Source "ChessBase"]
[SourceDate "2019.06.03"]
[SourceVersion "1"]
[SourceVersionDate "2019.06.03"]
[SourceQuality "1"]

1. d4 Nf6 2. Nf3 e6 3. Bf4 d5 4. e3 c6 5. Nbd2 Bd6 6. Bg3 Qc7 7. Ne5 Nbd7 8. f4 Nb6 9. Bd3 Bd7 10. c3 c5 11. a4 c4 12. Bc2 a5 13. 0-0 g6 14. e4 Be7 15. Nxf7 Kxf7 16. f5 Qc6 17. fxg6+ Ke8 18. e5 hxg6 19. exf6 Bd6 20. Qg4 Kd8 21. Qxg6 Kc7 22. f7 Raf8 23. Nf3 Bxg3 24. Qxg3+ Qd6 25. Qxd6+ Kxd6 26. Ne5 Rh6 27. g4 Nc8 28. Ng6 Rxg6 29. Bxg6 Ke7 30. g5 Nd6 31. h4 Nxf7 32. Rxf7+ Rxf7 33. Bxf7 Kxf7 34. h5 Kg8 35. Kf2 Be8 36. g6 Kg7 37. Ke3 Kh6 38. Rg1 1-0

[Event "Liberec op 17th"]
[Site "Liberec"]
[Date "2017.02.25"]
[Round "1"]
[White "Slechta, Jan"]
[Black "Burnett, Andrew"]
[Result "0-1"]
[WhiteElo "1733"]
[BlackElo "2162"]
[PlyCount "52"]
[EventDate "2017.02.25"]
[EventType "swiss"]
[EventRounds "9"]
[EventCountry "CZE"]
[SourceTitle "CBM 177 Extra"]
[Source "ChessBase"]
[SourceDate "2017.04.27"]
[SourceVersion "1"]
[SourceVersionDate "2017.04.27"]
[SourceQuality "1"]

1. g4 e5 2. d3 Nc6 3. g5 Bc5 4. Bg2 d6 5. Nc3 a6 6. Nf3 Bg4 7. Rg1 Qd7 8. a3 Nge7 9. b4 Ba7 10. Rb1 0-0 11. Ne4 Ng6 12. c4 Rfe8 13. Be3 Nd4 14. c5 d5 15. Ng3 Bxf3 16. exf3 Nf4 17. Bxd4 exd4+ 18. Kd2 a5 19. Bf1 axb4 20. axb4 Bxc5 21. bxc5 Ra2+ 22. Kc1 Qc6 23. Rb2 Qxc5+ 24. Kb1 Rxb2+ 25. Kxb2 Qc3+ 26. Kb1 Ra8 0-1

[Event "Liberec op 15th"]
[Site "Liberec"]
[Date "2015.02.18"]
[Round "6"]
[White "Kopecky, Zdenek"]
[Black "Slechta, Jan"]
[Result "1-0"]
[WhiteElo "1618"]
[BlackElo "1769"]
[PlyCount "105"]
[EventDate "2015.02.14"]
[EventType "swiss"]
[EventRounds "9"]
[EventCountry "CZE"]
[SourceTitle "CBM 164 Extra"]
[Source "ChessBase"]
[SourceDate "2015.03.02"]
[SourceVersion "1"]
[SourceVersionDate "2015.03.02"]
[SourceQuality "1"]

1. d4 Nf6 2. c4 e5 3. dxe5 Ng4 4. Nf3 Bc5 5. e3 Nc6 6. Be2 Ngxe5 7. Nxe5 Nxe5 8. 0-0 0-0 9. Nc3 d6 10. Qc2 f5 11. Na4 Bb6 12. b4 Qh4 13. f4 Ng4 14. Bxg4 fxg4 15. g3 Qh5 16. Nxb6 axb6 17. Bb2 Bd7 18. b5 Rae8 19. Rae1 Rf7 20. Qd3 Rfe7 21. e4 Qf7 22. f5 Rf8 23. Rf4 h5 24. f6 gxf6 25. Rxf6 Qe8 26. Qd5+ Be6 27. Qg5+ Rg7 28. Rxf8+ Qxf8 29. Qxg7+ Qxg7 30. Bxg7 Kxg7 31. Rc1 Kf6 32. Kf2 Ke5 33. Ke3 Bf7 34. Kd3 c6 35. a4 d5 36. exd5 cxd5 37. Re1+ Kd6 38. cxd5 Bxd5 39. Rf1 Bf3 40. Kd4 Ke6 41. Re1+ Kf6 42. Re5 Kg6 43. Re6+ Kg5 44. Rxb6 h4 45. gxh4+ Kxh4 46. a5 Kh3 47. Rh6+ Kg2 48. Ke3 Bd5 49. Kd4 Bf3 50. Kc5 Kf2 51. a6 bxa6 52. bxa6 Kg2 53. a7 1-0

[Event "Liberec op 15th"]
[Site "Liberec"]
[Date "2015.02.14"]
[Round "1"]
[White "Slechta, Jan"]
[Black "Dambrauskas, Virginijus A"]
[Result "0-1"]
[WhiteElo "1769"]
[BlackElo "2312"]
[PlyCount "54"]
[EventDate "2015.02.14"]
[EventType "swiss"]
[EventRounds "9"]
[EventCountry "CZE"]
[SourceTitle "CBM 164 Extra"]
[Source "ChessBase"]
[SourceDate "2015.03.02"]
[SourceVersion "1"]
[SourceVersionDate "2015.03.02"]
[SourceQuality "1"]

1. d4 d5 2. c4 e6 3. Nc3 c6 4. a4 Nf6 5. f3 Bb4 6. Bg5 c5 7. e3 Qa5 8. Qd2 cxd4 9. exd4 Nbd7 10. c5 0-0 11. Bb5 a6 12. Bxd7 Nxd7 13. f4 f6 14. Bh4 e5 15. Nge2 exd4 16. Qxd4 Nxc5 17. 0-0 Nb3 18. Qxd5+ Qxd5 19. Nxd5 Bc5+ 20. Bf2 Bxf2+ 21. Kxf2 Nxa1 22. Rxa1 Bd7 23. Nec3 Rad8 24. Ne3 Bc6 25. Rd1 Rxd1 26. Nexd1 Rd8 27. g4 Bxa4 0-1

[Event "Liberec op 14th"]
[Site "Liberec"]
[Date "2013.10.26"]
[Round "1"]
[White "Slechta, Jan"]
[Black "Kaderabek, Jiri"]
[Result "0-1"]
[WhiteElo "1777"]
[BlackElo "2173"]
[PlyCount "120"]
[EventDate "2013.10.26"]
[EventType "swiss"]
[EventRounds "9"]
[EventCountry "CZE"]
[SourceTitle "EXT 2014"]
[Source "ChessBase"]
[SourceDate "2013.11.20"]
[SourceVersion "1"]
[SourceVersionDate "2013.11.20"]
[SourceQuality "1"]

1. Nf3 Nf6 2. d4 d5 3. c4 c6 4. a4 a6 5. Nc3 g6 6. Bf4 Bg7 7. e3 0-0 8. Bd3 Bg4 9. h3 Bxf3 10. Qxf3 dxc4 11. Bxc4 Qb6 12. Qe2 Nbd7 13. 0-0 Rfe8 14. Rfd1 a5 15. Rac1 Rac8 16. Ba2 Qb4 17. Qc2 e6 18. Qb3 Nd5 19. Nxd5 exd5 20. Qxb4 axb4 21. b3 Red8 22. Bd6 Bf8 23. Bxf8 Kxf8 24. Rd2 Ke7 25. Kf1 Kd6 26. Bb1 Re8 27. Rcd1 Ra8 28. Bd3 Ra5 29. Ke2 f5 30. f3 Nf6 31. g3 Re7 32. Kf2 Ra8 33. Rc1 Rae8 34. Re2 h5 35. h4 Re6 36. Rd1 Rc8 37. Rc2 Re7 38. Rcc1 Kd7 39. Rd2 Ne8 40. Bf1 Nd6 41. Rc5 b6 42. Rcc2 Rc7 43. Rc1 Nb7 44. Rcd1 Na5 45. Rd3 Kd6 46. R1d2 Ra7 47. Bh3 Nc4 48. Rc2 Na3 49. Rc1 b5 50. axb5 Nxb5 51. Rc2 Nc3 52. Rb2 Ra1 53. Bf1 Nd1+ 54. Rxd1 Rxd1 55. Be2 Ra1 56. Bd3 Rc1 57. Rd2 Rc3 58. g4 Rxb3 59. gxh5 gxh5 60. Rd1 f4 0-1

[Event "Brno op 2nd"]
[Site "Brno"]
[Date "2011.11.18"]
[Round "9"]
[White "Kosina, Vladimir"]
[Black "Slechta, Jan"]
[Result "1-0"]
[WhiteElo "1811"]
[BlackElo "1721"]
[PlyCount "115"]
[EventDate "2011.11.12"]
[EventType "swiss"]
[EventRounds "9"]
[EventCountry "CZE"]
[SourceTitle "EXT 2012"]
[Source "ChessBase"]
[SourceDate "2011.11.24"]
[SourceVersion "1"]
[SourceVersionDate "2011.11.24"]
[SourceQuality "1"]

1. e3 d5 2. b3 Nf6 3. Bb2 g6 4. Be2 Bg7 5. Nf3 0-0 6. 0-0 c5 7. d3 b6 8. a3 Nc6 9. Nbd2 Re8 10. Ra2 e5 11. Qa1 Qc7 12. h3 a5 13. Rb1 Ba6 14. c4 d4 15. e4 Nh5 16. Bf1 Bc8 17. Bc1 Qe7 18. g3 f5 19. Bg2 Nf6 20. Ne1 Rf8 21. exf5 Bd7 22. fxg6 hxg6 23. Ne4 Nxe4 24. Bxe4 Qf6 25. h4 Rac8 26. Bg5 Qf7 27. Qb2 Ne7 28. Bxe7 Qxe7 29. Bxg6 Rf6 30. Be4 Bh6 31. Qe2 Qe8 32. Ng2 Kh8 33. Re1 Bg7 34. a4 Qe7 35. Bb7 Rh6 36. Bxc8 Bxc8 37. f4 Qf7 38. fxe5 Qg6 39. Qf3 Bg4 40. Qa8+ Kh7 41. Nf4 Qf5 42. Qe4 Qxe4 43. Rxe4 Bf5 44. Re1 Rc6 45. Kf2 Bh6 46. Rd2 Kg7 47. Kf3 Kf7 48. g4 Bd7 49. g5 Bf8 50. Ke4 Rc8 51. h5 Bc6+ 52. Kf5 Re8 53. e6+ Kg8 54. h6 Be7 55. Ng6 Bd6 56. Kf6 Kh7 57. e7 Bd7 58. Nf8+ 1-0

[Event "Brno op 2nd"]
[Site "Brno"]
[Date "2011.11.14"]
[Round "3"]
[White "Kearsley, Raymond J"]
[Black "Slechta, Jan"]
[Result "0-1"]
[WhiteElo "1847"]
[BlackElo "1721"]
[PlyCount "90"]
[EventDate "2011.11.12"]
[EventType "swiss"]
[EventRounds "9"]
[EventCountry "CZE"]
[SourceTitle "EXT 2012"]
[Source "ChessBase"]
[SourceDate "2011.11.24"]
[SourceVersion "1"]
[SourceVersionDate "2011.11.24"]
[SourceQuality "1"]

1. e4 c5 2. Nf3 Nc6 3. Bb5 d6 4. d4 cxd4 5. Qxd4 Bd7 6. Bxc6 Bxc6 7. Nc3 Nf6 8. Bg5 h6 9. Bh4 g5 10. Bg3 Bg7 11. 0-0-0 Nh5 12. Qd2 Nxg3 13. hxg3 Qa5 14. Nd4 0-0-0 15. f4 g4 16. Qe2 h5 17. Nb3 Qb6 18. Nd5 Bxd5 19. Rxd5 e5 20. Rxh5 Kb8 21. Qxg4 Rxh5 22. Qxh5 exf4 23. Qg5 Be5 24. gxf4 f6 25. Qg3 Qg1+ 26. Rd1 Bxb2+ 27. Kd2 Qb6 28. Rb1 Ba3 29. Qe3 Bc5 30. Qd3 Rc8 31. Qf3 Qb4+ 32. c3 Qa3 33. Nxc5 Qxa2+ 34. Kc1 Qa3+ 35. Kc2 dxc5 36. Rb2 Qa4+ 37. Kb1 Rd8 38. Kc1 b5 39. Qe2 a6 40. e5 Qxf4+ 41. Kb1 Qxe5 42. Qf3 Re8 43. Qc6 Qe4+ 44. Qxe4 Rxe4 45. Rf2 Re6 0-1

[Event "Prague op-B 10th"]
[Site "Prague"]
[Date "2011.01.07"]
[Round "1"]
[White "Hadzala, Daniel"]
[Black "Slechta, Jan"]
[Result "1-0"]
[WhiteElo "2161"]
[BlackElo "1722"]
[PlyCount "73"]
[EventDate "2011.01.07"]
[EventType "swiss"]
[EventRounds "9"]
[EventCountry "CZE"]
[SourceTitle "CBM 140 Extra"]
[Source "ChessBase"]
[SourceDate "2011.03.01"]
[SourceVersion "1"]
[SourceVersionDate "2011.03.01"]
[SourceQuality "1"]

1. d4 Nf6 2. c4 b6 3. Nc3 Bb7 4. Qc2 e6 5. e4 d5 6. cxd5 exd5 7. e5 Ne4 8. Bd3 Nxc3 9. bxc3 h6 10. Nh3 c5 11. e6 Bd6 12. exf7+ Kxf7 13. Bg6+ Kg8 14. 0-0 Nd7 15. Qf5 Qe7 16. Bf4 Rf8 17. Rae1 Qxe1 18. Rxe1 Rxf5 19. Bxf5 Bxf4 20. Nxf4 Nf8 21. Re7 g6 22. Rxb7 gxf5 23. Nxd5 Ne6 24. Nf6+ Kf8 25. d5 Nd8 26. Rxa7 h5 27. Nd7+ Ke7 28. Nxb6+ Kd6 29. c4 Ke5 30. a4 Kd4 31. Re7 Kc3 32. a5 Rg8 33. g3 h4 34. Kg2 hxg3 35. hxg3 f4 36. a6 Rg6 37. a7 1-0

[Event "Prague Golden op"]
[Site "Prague"]
[Date "2010.07.??"]
[Round "4"]
[White "Plasek, Zdenek"]
[Black "Slechta, Jan"]
[Result "1/2-1/2"]
[WhiteElo "2015"]
[BlackElo "1730"]
[PlyCount "120"]
[EventDate "2010.07.??"]
[EventType "swiss"]
[EventRounds "9"]
[EventCountry "CZE"]
[SourceTitle "EXT 2012"]
[Source "ChessBase"]
[SourceDate "2011.11.24"]
[SourceVersion "1"]
[SourceVersionDate "2011.11.24"]
[SourceQuality "1"]

1. d4 f5 2. g3 Nf6 3. Bg2 e6 4. Nf3 Be7 5. 0-0 0-0 6. b3 b5 7. Ne5 c6 8. c4 b4 9. a3 d5 10. axb4 Bxb4 11. Bg5 Qc7 12. Bxf6 gxf6 13. Nd3 Be7 14. Qc2 Na6 15. Nd2 Nb4 16. Nxb4 Bxb4 17. cxd5 Bxd2 18. d6 Qxd6 19. Qxd2 Bd7 20. Qc3 Rf7 21. e3 Be8 22. Rfc1 Rc8 23. Ra6 Rfc7 24. Bf3 h5 25. h4 e5 26. Rd1 e4 27. Be2 Bf7 28. Rda1 Rb8 29. Bc4 Rcb7 30. R6a5 Bd5 31. Rc5 Rg7 32. Kh2 Rg4 33. Bxd5+ cxd5 34. Rc6 Qb4 35. Rc8+ Kh7 36. Rxa7+ Rg7 37. Qxb4 Rxb4 38. Rxg7+ Kxg7 39. Rc5 Rxb3 40. Rxd5 Kg6 41. Rd7 Rd3 42. Kg2 Rd1 43. Ra7 Kh6 44. Ra2 Kg6 45. Re2 Kf7 46. Rc2 Kg7 47. Rc7+ Kh6 48. Rc6 Kg7 49. Rc5 Kg6 50. Rb5 Ra1 51. Rb2 Rd1 52. f3 Kf7 53. fxe4 fxe4 54. Rb5 Kg6 55. Rb8 Rd2+ 56. Kf1 Ra2 57. Re8 Kf5 58. Rg8 Ra1+ 59. Ke2 Ra2+ 60. Ke1 Ra1+ 1/2-1/2

[Event "Liberec op 10th"]
[Site "Liberec"]
[Date "2009.10.29"]
[Round "7"]
[White "Bach, Markus"]
[Black "Slechta, Jan"]
[Result "1/2-1/2"]
[WhiteElo "1976"]
[BlackElo "1674"]
[PlyCount "79"]
[EventDate "2009.10.24"]
[EventType "swiss"]
[EventRounds "9"]
[EventCountry "CZE"]
[SourceTitle "EXT 2010"]
[Source "ChessBase"]
[SourceDate "2010.11.25"]
[SourceVersion "1"]
[SourceVersionDate "2010.11.25"]
[SourceQuality "1"]

1. d4 f5 2. Bg5 b6 3. e3 Nf6 4. Bxf6 exf6 5. Qf3 d5 6. c4 Bb4+ 7. Nc3 Bxc3+ 8. bxc3 Be6 9. Bd3 Qd7 10. Ne2 c6 11. cxd5 Qxd5 12. Qg3 0-0 13. 0-0 Bc8 14. Rfe1 a6 15. Nf4 Qf7 16. Rab1 b5 17. Bc2 Kh8 18. Bb3 Qe8 19. f3 g5 20. Nd3 Be6 21. Qd6 Bxb3 22. axb3 Qd8 23. Qc5 Qc8 24. e4 fxe4 25. Rxe4 Nd7 26. Qd6 a5 27. Re7 Nb6 28. Rbe1 Nd5 29. Rd7 Re8 30. Re4 Rd8 31. Rxd8+ Qxd8 32. Qc5 Qd7 33. c4 bxc4 34. bxc4 Nb4 35. Nxb4 axb4 36. Re7 Qd8 37. h4 b3 38. Rb7 Ra5 39. Qb6 Qxb6 40. Rxb6 1/2-1/2